01683cam a22003133a 450000100090000000300050000900500170001400800410003102000180007204000090009004200140009908200120011310000250012524500370015026000430018730000240023049000300025449000270028452007100031165000440102165000350106565000300110065000380113065500460116865500250121480000490123994200620128899900190135017610329322820230904103603.0130201s2012 onc 000 1 eng d a9780778313199 c3228 alccopycat aEF MART1 aMartin, Kat.912546010aAgainst the night /cKat Martin. aDon Mills, Ont. :bMira Books,cc2012. a394 pages ;c17 cm.1 aThe Raines of Wind Canyon0 aMira Romantic suspense aShe's got the face of an angel and the body of...well, isn't that what he'd expect from an exotic dancer? But there's something about this girl that Johnnie Riggs can't shake. The former army ranger is hot on the trail of an elusive drug lord--and suddenly very hot under the collar, as well. Amy's got her own agenda to pursue: her sister is missing and Amy seems to be the only one who cares. She'll enlist Johnnie's help and do her best to ignore her growing attraction to finally get some answers. But when the two trails begin to converge and reveal something even more sinister than they imagined, their mutual desire is the least of their problems. They'll bring the truth to light...or die trying. 0aPrivate investigatorsvFiction.9181415 0aStripteasersvFiction.9181416 0aSistersvFiction.9130774 0aMissing personsvFiction.9131472 7aRomantic suspense fiction.2gsafd9181417 7aLove stories.2gsafd1 aMartin, Kat.tRaines of Wind Canyon.9181418 2ddccBOOKw169xBoniswa Ngcongoloy169zBoniswa Ngcongolo c756853d756852